Contemporary Pakistan : politics, economy, and society (Record no. 63084)

000 -LEADER
fixed length control field 00732nam a22001937a 4500
003 - CONTROL NUMBER IDENTIFIER
control field NUST - PNEC
005 - DATE AND TIME OF LATEST TRANSACTION
control field 20170116180803.0
008 - FIXED-LENGTH DATA ELEMENTS--GENERAL INFORMATION
fixed length control field 150420b xxu||||| |||| 00| 0 eng d
020 ## - INTERNATIONAL STANDARD BOOK NUMBER
International Standard Book Number -
040 ## - CATALOGING SOURCE
Transcribing agency LIBRARY
082 ## - DEWEY DECIMAL CLASSIFICATION NUMBER
Classification number 954.9105 AHM
100 ## - MAIN ENTRY--PERSONAL NAME
9 (RLIN) 2767
Personal name Ahmed Manzooruddin
245 ## - TITLE STATEMENT
Title Contemporary Pakistan : politics, economy, and society
Statement of responsibility, etc. Manzooruddin Ahmed
260 ## - PUBLICATION, DISTRIBUTION, ETC.
Place of publication, distribution, etc. Karachi :
Name of publisher, distributor, etc. Royal Book Company
Date of publication, distribution, etc. c1982.
300 ## - PHYSICAL DESCRIPTION
Extent 284 p. :
650 ## - SUBJECT ADDED ENTRY--TOPICAL TERM
9 (RLIN) 2769
Topical term or geographic name entry element Political science
General subdivision General
856 ## - ELECTRONIC LOCATION AND ACCESS
Uniform Resource Identifier <a href="http://www.amazon.com/Contemporary-Pakistan-Politics-economy-society/dp/B0000CQALL/ref=sr_1_2?s=books&ie=UTF8&qid=1429510655&sr=1-2&keywords=Contemporary+Pakistan+%3A+politics%2C+economy%2C+and+society">http://www.amazon.com/Contemporary-Pakistan-Politics-economy-society/dp/B0000CQALL/ref=sr_1_2?s=books&ie=UTF8&qid=1429510655&sr=1-2&keywords=Contemporary+Pakistan+%3A+politics%2C+economy%2C+and+society</a>
942 ## - ADDED ENTRY ELEMENTS (KOHA)
Source of classification or shelving scheme
Koha item type Book
Holdings
Withdrawn status Lost status Source of classification or shelving scheme Damaged status Not for loan Permanent Location Current Location Shelving location Date acquired Source of acquisition Cost, normal purchase price Total Checkouts Full call number Barcode Date last seen Cost, replacement price Price effective from Koha item type
          Pakistan Navy Engineering College (PNEC) Pakistan Navy Engineering College (PNEC)   05/20/1985 Sasi Book Store / Library Grant 120.00   954.9105 AHM PNECLIB-006379 04/20/2015 120.00 05/20/1985 Book
          Pakistan Navy Engineering College (PNEC) Pakistan Navy Engineering College (PNEC)   12/16/1985 Royal Book Company / Library Grant 120.00   954.9105 AHM PNECLIB-006759 04/20/2015 120.00 12/16/1985 Book
© 2023 Central Library, National University of Sciences and Technology. All Rights Reserved.